Statistics for Biggest cities of the world in 1900

Click here to take the quiz!

General Stats

  • This quiz has been taken 23 times
  • The average score is 7 of 10

Answer Stats

PopulationAnswer% Correct
6,426,000London
91%
3,304,000Paris
86%
1,480,000Tokyo
86%
4,186,000New york
82%
1,686,000Chicago
73%
2,667,000Berlin
68%
1,415,000Manchester
55%
1,403,000Philadelphia
55%
1,682,000Vienna
36%
1,423,000Saint petersburg
32%

Score Distribution

Percentile by Number Answered

Percent of People with Each Score

Your Score History

You have not taken this quiz